000 00575nam a2200205Ia 4500
005 20250923145150.0
008 008 250917s9999 xx 000 0 eng d
037 _aTextual
040 _aDSWL
_beng
_cDSWL
041 _aeng
_2eng
084 _aT:89S(YX), N69
_qDSWL
100 _aKent, Bessie
_9832448
245 0 _aSocial work supervision in practice
_cby Bessie Kent
260 _aLondon
_bPergamon Press
_c1969
300 _a68p.
365 _aINR
_b21
925 _g21
942 _cTEXL
_hT:89S(YX), N69
999 _c1447956
_d1447956